| 000 | 00421 a2200181 4500 | ||
|---|---|---|---|
| 001 | 068313 | ||
| 003 | OSt | ||
| 005 | 20220215173524.0 | ||
| 008 | |||
| 082 |
_a330.18 _bB21E |
||
| 100 | 1 | _aBaltagi, Badi H. | |
| 245 | 1 |
_aEconometrics _cby Badi H. Baltagi |
|
| 250 | _a3rd ed. | ||
| 260 |
_aNew York _bSpringer _c2008 |
||
| 300 | _a401p. | ||
| 653 | _aEconometrics | ||
| 942 |
_2ddc _cBK |
||
| 999 |
_c2001 _d2001 |
||